Cara mudah belajar tajwid Al-Quran / (Record no. 817)

000 -LEADER
fixed length control field nam a22 a 4500
003 - CONTROL NUMBER IDENTIFIER
control field AKMAL
005 - DATE AND TIME OF LATEST TRANSACTION
control field 20170505133825.0
008 - FIXED-LENGTH DATA ELEMENTS--GENERAL INFORMATION
fixed length control field 170505s1995 my 00 may d
020 ## - INTERNATIONAL STANDARD BOOK NUMBER
International Standard Book Number 9839888544 (kkt.):
Terms of availability RM 10.00
040 ## - CATALOGING SOURCE
Original cataloging agency AKMAL
082 04 - DEWEY DECIMAL CLASSIFICATION NUMBER
Classification number 297.1225 CAR
090 ## - LOCALLY ASSIGNED LC-TYPE CALL NUMBER (OCLC); LOCAL CALL NUMBER (RLIN)
Classification number (OCLC) (R) ; Classification number, CALL (RLIN) (NR) 297.1225
Local cutter number (OCLC) ; Book number/undivided call number, CALL (RLIN) CAR
245 00 - TITLE STATEMENT
Title Cara mudah belajar tajwid Al-Quran /
Statement of responsibility, etc. penyusun Mohd. Sofwan Amrullah
260 ## - PUBLICATION, DISTRIBUTION, ETC.
Place of publication, distribution, etc. Batu Caves :
Name of publisher, distributor, etc. Pustaka Ilmi,
Date of publication, distribution, etc. 1995
300 ## - PHYSICAL DESCRIPTION
Extent 183ms. ;
Dimensions 21cm
500 ## - GENERAL NOTE
General note Mengandungi ayat-ayat Al-Quran
504 ## - BIBLIOGRAPHY, ETC. NOTE
Bibliography, etc. note Bibliografi: ms. 183
650 ## - SUBJECT ADDED ENTRY--TOPICAL TERM
Topical term or geographic name entry element Koran
General subdivision Recitation
9 (RLIN) 1777
650 ## - SUBJECT ADDED ENTRY--TOPICAL TERM
Topical term or geographic name entry element Koran
General subdivision Reading
9 (RLIN) 1606
700 0# - ADDED ENTRY--PERSONAL NAME
Personal name Mohd. Sofwan Amrullah
9 (RLIN) 1778
942 ## - ADDED ENTRY ELEMENTS (KOHA)
Source of classification or shelving scheme
Koha item type Book
Holdings
Withdrawn status Lost status Source of classification or shelving scheme Damaged status Not for loan Collection code Home library Current library Shelving location Date acquired Inventory number Total Checkouts Full call number Barcode Date last seen Price effective from Koha item type
          NON-FICTION AKMAL Melaka AKMAL Melaka PINJAMAN 05.05.2017 200776   297.1225 CAR 201701819 05.05.2017 05.05.2017 Book
Pusat Sumber Maklumat Dato' Haji Sarmin Md Hussin, Akademi Kastam Diraja Malaysia, Melaka
Tel: 06-2331106 | Faks: 06-2313787